Vous ... ? - Clic Quiz - Statistiques

Statistiques générales
  • Ce quiz a été pris 182 fois
  • Le résultat moyen est 19 sur 25
Statistiques - réponses
Hint Explanation Réponse % Correct
Slogan publicitaire de L'Oréal "parce que VOUS le valez bien" (il y a aussi je le vaux bien et nous le valons bien) Vous le valez bien
91%
Réplique de Gandalf dans la saga "Le Seigneur des anneaux" Vous ne passerez pas !
91%
La fameuse case du Monopoly Vous allez en Prison
89%
Juste une question de traduction (tu es viré off course) Vous êtes viré
88%
Extrait du monologue d'Otis dans le film Astérix Et Obélix : Mission Cléopâtre Vous savez, moi je ne crois pas qu'il y ait de bonne ou de mauvaise situation
88%
Extrait du clip Basique où Orelsan dit : "Vous n'avez pas les bases" Vous n'avez pas les bases
86%
Extrait du film La Cité de la Peur, "Vous voulez pas un whisky d'abord ?" est la réplique suivante de Gérard Darmon Vous voulez pas un whisky d'abord ?
85%
Extrait du film "Les Bronzés font du ski" avec la réplique complète "Excusez-moi mais VOUS êtes en train d'uriner sur ma voiture ... Vous êtes en train d'uriner sur ma voiture
82%
Extrait du film Rabbi Jacob où De Funès lance à Salomon "Vous êtes juif ?" Vous êtes juif ?
82%
Extrait du film Buried Vous êtes enterrés vivant
81%
Extrait de ce qui ressemble à un des jeux vidéos GTA Vous vous êtes perdus dans GTA
81%
Extrait d'une caméra cachée de François Damiens qui demande à une cliente d'un pressing : "Vous avez un ticket Madame ?" Vous avez un ticket Madame ?
78%
Extrait de l'émission TV Le Maillon Faible Vous êtes Le Maillon Faible
78%
Sheila chante son titre culte "Vous les copains, je ne vous oublierai jamais" Vous les copains, je ne vous oublierai jamais
77%
A priori ça ressemblerait à ça l'endroit où vous vivez Vous vivez ici
77%
Extrait d'un body cam de policier américain (désolé je ne sais pas si ça fini bien) Vous vous êtes réincarné(e-s) en policier américain
76%
Extrait du film "Les Trois Frères" avec le dialogue - "Vous avez bu Didier ? -"Ah pour une fois t'es moins con que tu en as l'air" Vous avez bu Didier ?
74%
Extrait de la parodie des Inconnus de Tournez Manège avec la fameuse réplique de Didier Bourdon "Vous pouvez répéter la question ?" Vous pouvez répéter la question ?
70%
Extrait du film "Vous avez un message" Vous avez un message
68%
Quiz absolument horrible Vous venez de faire un quiz horrible
66%
Extrait du film "Les Visiteurs" avec la réplique de Valérie Lemercier "Vous êtes d'un vulgaire" Vous êtes d'un vulgaire
64%
Extrait du débat télévisé de 1974 entre Giscard d'Estaing et Mitterrand où Giscard d'Estaing lance à Mitterand : "Vous n'avez pas le monopole du cœur" Vous n'avez pas le monopole du cœur
57%
Extrait du film "Vous n'aurez pas l'Alsace et la Lorraine" Vous n'aurez pas l'Alsace et la Lorraine
49%
Extrait du film La Chèvre où Pierre Richard dit « Vous avez de la chance ..." Vous avez de la chance
46%
Extrait du clip de la chanson de Salvatore Adamo "Vous permettez monsieur" Vous permettez monsieur
46%
Aucun quiz correspondant
Distribution des résultats
% des personnes avec chaque résultat
Percentile par nombre de réponses
Votre historique - résultats
Vous n’avez pas pris ce quiz